| 000 | 01494nam a2200349 a 4500 | ||
|---|---|---|---|
| 008 | 230426s2023 sp 000 0 spa d | ||
| 041 | _aspa | ||
| 100 |
_aOVEJERO TORRES, Félix Antonio _927463 |
||
| 245 | 1 | 0 |
_aAgenda 2030 _b: cooperación internacional para el desarrollo y extrema derecha _c/ Félix Antonio Ovejero Torres |
| 260 |
_aZaragoza : _bCCOO de Aragón, _c2023 |
||
| 300 |
_a6 p. ; _c30 cm |
||
| 500 | _aEn: Trabajo Sindical, n. 129 (abril 2023), p. 22-27. | ||
| 500 | _aFélix Antonio Ovejero Torres, adjunto de la secretaría de Internacional, Cooperación y Migraciones de la CS de CCOO y Responsable de las Américas y de Cooperación Internacional para el desarrollo | ||
| 650 | 0 |
_aGLOBALIZACION _917477 |
|
| 650 | 0 |
_aIDEOLOGIA POLITICA _91711 |
|
| 650 | 0 |
_aCOOPERACION INTERNACIONAL _9367 |
|
| 650 | 0 |
_aAYUDA AL DESARROLLO _92160 |
|
| 650 | 0 |
_aDESARROLLO SOSTENIBLE _911034 |
|
| 650 | 0 |
_aLUCHA CONTRA LA POBREZA _96367 |
|
| 650 | 0 |
_aIGUALDAD DE DERECHOS _91832 |
|
| 650 | 0 |
_aDERECHOS HUMANOS _92569 |
|
| 650 | 0 |
_aPAPEL DEL SINDICATO _95120 |
|
| 650 | 0 |
_aPLAN DE ACCION _91075 |
|
| 650 | 0 |
_aLEGISLACION _9111 |
|
| 650 | 0 |
_aESPAÑA _99 |
|
| 650 | 0 |
_aACTITUD SINDICAL _961 |
|
| 710 | 2 |
_aCCOO _bAragón _eed. _95627 |
|
| 710 | 1 |
_aCCOO _bConfederación Sindical _bSecretaría de Internacional, Cooperación y Migraciones _934615 |
|
| 856 |
_zPDF _uhttps://docpublicos.ccoo.es/cendoc/065983Agenda2030Cooperacion.pdf |
||
| 907 | _aPolítica | ||
| 942 |
_cDOCU_ELEC _2ddc _n0 |
||
| 999 |
_c56573 _d56573 |
||